Central Library OPAC University of Rajshahi

Contemporary Indian philosophy / (Record no. 30610)

MARC details
000 -LEADER
fixed length control field 01813nam a22003132a 4500
001 - CONTROL NUMBER
control field 30610
003 - CONTROL NUMBER IDENTIFIER
rucl marc code BD-RjUL
005 - DATE AND TIME OF LATEST TRANSACTION
control field 20211209051605.0
008 - FIXED-LENGTH DATA ELEMENTS--GENERAL INFORMATION
fixed length control field 140410t1952 enk b 001 0 eng d
035 ## - SYSTEM CONTROL NUMBER
System control number (BD-RjUL)30696
040 ## - CATALOGING SOURCE
Original cataloging agency DLC
Language of cataloging eng
Transcribing agency DLC
Modifying agency BD-RjUL
041 ## - LANGUAGE CODE
Language code of text/sound track or separate title eng
082 04 - DEWEY DECIMAL CLASSIFICATION NUMBER
Classification number 181.4
Author mark and year CON 1952
245 10 - TITLE STATEMENT
Title Contemporary Indian philosophy /
Statement of responsibility, etc. by M. K. Gandhi [and others] edited by S. Radhakrishnan and J. H. Muirhead
250 ## - EDITION STATEMENT
Edition statement [Rev. 2d and enl. ed.]
260 ## - PUBLICATION, DISTRIBUTION, ETC. (IMPRINT)
Place of publication, distribution, etc. London :
Name of publisher, distributor, etc. G. Allen & Unwin,
Date of publication, distribution, etc. [1952]
300 ## - PHYSICAL DESCRIPTION
Pagination 648 p. ;
Size 23 cm
490 1# - SERIES STATEMENT
Series statement The Muirhead library of philosophy
500 ## - GENERAL NOTE
General note Hirlyanna, M. The problem of truth.--Humayun Kabir. Freedom, authority and imagination.--Maitra, S. K. Outlines of an emergent theory of values.--Malkani, G. R. Freedom through knowledge.--Mukerji A. C. Suggestions for a idealistic theory of knowledge.--Murti, T. R. V. The spirit of philosophy.--Radhakrishnan, S. The spirit in man.--Raju, P. T. The inward absolute and the activism of the finite self.--Ranade, R. D. The evolution of my own thought.--Sharif, M. M. Dialectical monadism.--Subrahmanya Iyer, V. Man's interest in philosophy: an Indian view.--Wadia, A. R. Pragmatic idealism
504 ## - BIBLIOGRAPHY, ETC. NOTE
Bibliography, etc Includes bibliographical reference and index.
505 0# - FORMATTED CONTENTS NOTE
Formatted contents note Gandhi, M. K. [Answers to three questions]--Tagore, R. The religion of an artist.--Abhedānanda, Swāmi. Hindu philosophy in India.--Bhattacharyya, H. The principle of activism.--Bhattacharyya, K. C. The concept of philosophy.--Chatterji, G. C. Common-sense em
650 #0 - SUBJECT ADDED ENTRY--TOPICAL TERM
Topical term or geographic name as entry element Hindu philosophy
9 (RLIN) 5119
700 1# - ADDED ENTRY--PERSONAL NAME
Personal name Muirhead, Jean Henry,
Dates associated with a name 1855-1940.
Personal name Radhakrishnan, S.
830 #0 - SERIES ADDED ENTRY--UNIFORM TITLE
Uniform title Muirhead library of philosophy
942 ## - ADDED ENTRY ELEMENTS (KOHA)
Source of classification or shelving scheme Dewey Decimal Classification
Koha item type Books
Holdings
Lost status Source of classification or shelving scheme Damaged status Not for loan Collection code Permanent Location Current Location Shelving location Date acquired Source of acquisition Cost, normal purchase price Total Checkouts Full call number Date last seen Copy number Koha item type
  Dewey Decimal Classification   Not For Loan Non-fiction Central Library, University of Rajshahi Central Library, University of Rajshahi Reading Room 09/09/1955 B.H.Blackkwell 1.15   181.4 CON 1952 10/04/2014 C-1 Books